000 00695nam a2200241Ia 4500
003 OSt
005 20221002050926.0
006 a|||||r|||| 00| 0
007 ta
008 220930b |||||||| |||| 00| 0 eng d
024 _a21338
037 _cReference Collections
040 _aCRL
_cCRL
_beng
041 _2eng
_aeng
082 _aNHkN, M6 (RR)
100 _aCameron Elisabeth
_9571897
245 0 _aEncyclopaedia of pottery and porcelain
_b The 19th and 20th centuries
260 _aLondon
_bFaber and Faber
_c1986
300 _a366p
_ccm.
650 _aARTS
942 _hNHkN, M6 (RR)
_cref
_2CC
999 _c915609
_d915609